000 00676nam a2200193 a 4500
001 000040004
005 20201002033847.0
008 130802s2004 mx 000 0 spa d
020 _a9703204724
040 _aDO-SdBNP
_bspa
_cBNPHU
100 1 _aPalma y Romay, Ramón de
_966232
245 1 4 _aUna Pascua en San Marcos ; El ranchador /
_cRamón de Palma y Romay, Pedro José Morillas.
246 1 3 _aEl ranchador
260 _aMéxico :
_bUniversidad Nacional Autónoma de México,
_c2004.
300 _a113 p. ;
_c18 cm.
490 1 _aRelato Licenciado Vidriera
_v17
700 1 _aMorillas, Pedro José
_tEl ranchador
_966233
830 0 _aRelato Licenciado Vidriera
_v17
_966234
999 _c39494
_d39494